000 00301nam a22001337a 4500
008 170204b xxu||||| |||| 00| 0 eng d
020 _a9781401880057
041 _aeng
080 _a61
100 _a3
101 _aSHM
245 _aMATH FOR HEALTH CARE PROFESSIONALS
_cKENNAMER, M
942 _2udc
_cBK
999 _c4609
_d4609